| 000 | 00546nam a2200193 i 4500 | ||
|---|---|---|---|
| 001 | 61642 | ||
| 003 | ES-MaACL | ||
| 005 | 20250815122315.0 | ||
| 007 | t| | ||
| 008 | 031113s1972 sp a |||| | spa d | ||
| 080 | _a75.021.33 | ||
| 100 | 1 |
_aFabrey, J. Henry. _948571 |
|
| 245 | 1 | 3 |
_aLa magia de los acrÃlicos / _cJ. Henri Fabrey. |
| 260 |
_aBarcelona : _bLas Ediciones de Arte, _c[1972] |
||
| 300 |
_a95 p., 19 cm : _bil. ; _c27 cm. |
||
| 650 | 7 |
_aPintura acrÃlica _2embne _9157676 |
|
| 852 |
_aES-MaACL _jC-43421 |
||
| 999 |
_c61642 _d61642 |
||